00221nam a2200097Ia 4500008004100000041001200041082001500053245003700068260000900105650000900114221030s9999 xx 000 0 und d aEnglish a105.23bBE 0aElectronics Projects Vol. 24bCD c2005 aBook